[Event "51st National Challengers (National â€˜Bâ€™) Chess Cha"]
[Site "Bhopal, Madhya Pradesh-India"]
[Date "2013.10.22"]
[Round "13"]
[Board "15"]
[White "Roy, Prantik"]
[Black "Konguvel, Ponnuswamy"]
[Result "1-0"]
[WhiteElo "2238"]
[BlackElo "2366"]
[PlyCount "63"]
[EventDate "2013.10.12"]
[EventRounds "13"]
[EventCountry "IND"]

1. c4 g6 2. g3 Bg7 3. Bg2 c5 4. Nc3 Nc6 5. Nf3 e6 6. O-O Nge7 7. d3 d5 8. cxd5
exd5 9. Bd2 O-O 10. a3 b6 11. Rb1 Bf5 12. Nh4 Be6 13. f4 Qd7 14. Nf3 Bh3 15. b4
cxb4 16. axb4 Rac8 17. Qb3 Rfe8 18. e4 Nd4 19. Bxh3 Qxh3 20. Nxd4 Bxd4+ 21. Kh1
Bxc3 22. Bxc3 dxe4 23. dxe4 Nf5 24. Be5 Nh6 25. Ba1 Ng4 26. Qb2 Rc3 27. Rfc1
Rec8 28. Rxc3 Rxc3 29. Rd1 f6 30. Qa2+ Kg7 31. Bxc3 Ne3 32. Re1 1-0

[Event "51st National Challengers (National â€˜Bâ€™) Chess Cha"]
[Site "Bhopal, Madhya Pradesh-India"]
[Date "2013.10.22"]
[Round "13"]
[Board "18"]
[White "Puranik, Abhimanyu"]
[Black "Nitin, S."]
[Result "1-0"]
[WhiteElo "2238"]
[BlackElo "2364"]
[PlyCount "57"]
[EventDate "2013.10.12"]
[EventRounds "13"]
[EventCountry "IND"]

1. e4 c5 2. Nf3 a6 3. c4 e6 4. d4 cxd4 5. Nxd4 Nf6 6. Nc3 Qc7 7. Be2 Bb4 8. f3
b5 9. cxb5 Bxc3+ 10. bxc3 Qxc3+ 11. Qd2 Qxa1 12. O-O axb5 13. Ba3 Qxf1+ 14.
Bxf1 Rxa3 15. Qc1 Nc6 16. Nxc6 Rxa2 17. Na7 Ba6 18. Qc5 Ra1 19. Kf2 Ra2+ 20.
Ke3 h5 21. Bxb5 Bb7 22. Nc8 Bxc8 23. Qxc8+ Ke7 24. Qxh8 Rxg2 25. Qb8 Rb2 26.
Kd4 Rd2+ 27. Kc3 Ra2 28. e5 Nd5+ 29. Kb3 1-0

[Event "51st National Challengers (National â€˜Bâ€™) Chess Cha"]
[Site "Bhopal, Madhya Pradesh-India"]
[Date "2013.10.22"]
[Round "13"]
[Board "22"]
[White "Gusain, Himal"]
[Black "Prakash, G B"]
[Result "1-0"]
[WhiteElo "2307"]
[BlackElo "2255"]
[PlyCount "43"]
[EventDate "2013.10.12"]
[EventRounds "13"]
[EventCountry "IND"]

1. e4 c5 2. d4 cxd4 3. c3 dxc3 4. Nxc3 Nc6 5. Nf3 e6 6. Bc4 a6 7. O-O Nge7 8.
Bg5 h6 9. Bh4 b5 10. Bb3 Bb7 11. Nd5 d6 12. Re1 Ne5 13. Nf4 g5 14. Nxe6 Nxf3+
15. Qxf3 fxe6 16. Bxe6 Qb6 17. Qf7+ Kd8 18. Bg3 Bc8 19. Bd5 Bb7 20. Bxb7 Qxb7
21. Red1 d5 22. Rxd5+ 1-0

[Event "51st National Challengers (National â€˜Bâ€™) Chess Cha"]
[Site "Bhopal, Madhya Pradesh-India"]
[Date "2013.10.22"]
[Round "13"]
[Board "26"]
[White "Deshpande, Aniruddha"]
[Black "Dhulipala, Bala Chandra Prasad"]
[Result "1/2-1/2"]
[WhiteElo "2270"]
[BlackElo "2139"]
[PlyCount "36"]
[EventDate "2013.10.12"]
[EventRounds "13"]
[EventCountry "IND"]

1. d4 Nf6 2. g3 g6 3. Bg2 Bg7 4. e4 d6 5. Nc3 O-O 6. Nge2 e5 7. O-O Nbd7 8. h3
exd4 9. Nxd4 Re8 10. Re1 Nc5 11. b3 Ne6 12. Nxe6 Bxe6 13. Bb2 c6 14. Na4 b5 15.
Nc3 d5 16. exd5 Nxd5 17. Nxd5 Bxb2 18. Rb1 Bxd5 1/2-1/2

[Event "51st National Challengers (National â€˜Bâ€™) Chess Cha"]
[Site "Bhopal, Madhya Pradesh-India"]
[Date "2013.10.22"]
[Round "13"]
[Board "28"]
[White "Sangma, Rahul"]
[Black "Rohan, Ahuja"]
[Result "1/2-1/2"]
[WhiteElo "2394"]
[BlackElo "2093"]
[PlyCount "64"]
[EventDate "2013.10.12"]
[EventRounds "13"]
[EventCountry "IND"]

1. c4 g6 2. Nf3 Bg7 3. d4 Nf6 4. g3 d5 5. Bg2 dxc4 6. Qa4+ Nbd7 7. Nbd2 O-O 8.
Qxc4 Nb6 9. Qc2 Nfd5 10. a3 c6 11. O-O a5 12. b3 a4 13. Rd1 Nc7 14. Ne4 Bf5 15.
Nh4 Bxe4 16. Bxe4 Nb5 17. e3 Qc7 18. Rb1 Qd6 19. b4 e5 20. dxe5 Qxe5 21. Bb2
Qe6 22. Bd3 Bxb2 23. Qxb2 Nc4 24. Bxc4 Qxc4 25. Rd7 Rfd8 26. Rxb7 Nc3 27. Re1
Qb3 28. Qa1 Rd2 29. Nf3 Ra2 30. Qc1 Rc2 31. Qa1 Ra2 32. Qc1 Rc2 1/2-1/2

[Event "51st National Challengers (National â€˜Bâ€™) Chess Cha"]
[Site "Bhopal, Madhya Pradesh-India"]
[Date "2013.10.22"]
[Round "13"]
[Board "29"]
[White "Ravichandran, Siddharth"]
[Black "Matta, Vinay Kumar"]
[Result "1-0"]
[WhiteElo "2372"]
[BlackElo "2209"]
[PlyCount "55"]
[EventDate "2013.10.12"]
[EventRounds "13"]
[EventCountry "IND"]

1. d4 Nf6 2. Nf3 g6 3. Bf4 Bg7 4. e3 O-O 5. h3 d6 6. Be2 c5 7. O-O b6 8. c4 Bb7
9. Nc3 Ne4 10. Nxe4 Bxe4 11. Qd2 Nc6 12. d5 Na5 13. Ng5 Bf5 14. e4 Bd7 15. h4
a6 16. Rab1 b5 17. b3 Qc7 18. Be3 bxc4 19. bxc4 Rfb8 20. Rfc1 Rb4 21. Rxb4 cxb4
22. c5 Bc3 23. Rxc3 bxc3 24. Qxc3 Bb5 25. Bg4 e5 26. dxe6 Be8 27. exf7+ Bxf7
28. Ne6 1-0

[Event "51st National Challengers (National â€˜Bâ€™) Chess Cha"]
[Site "Bhopal, Madhya Pradesh-India"]
[Date "2013.10.22"]
[Round "13"]
[Board "30"]
[White "Ramakrishna, J."]
[Black "Aravindh, Chithambaram Vr."]
[Result "0-1"]
[WhiteElo "2207"]
[BlackElo "2346"]
[PlyCount "62"]
[EventDate "2013.10.12"]
[EventRounds "13"]
[EventCountry "IND"]

1. Nf3 d5 2. e3 Nf6 3. b3 c5 4. Bb2 e6 5. c4 dxc4 6. bxc4 Nc6 7. Be2 Be7 8. O-O
O-O 9. Nc3 b6 10. a3 Bb7 11. Qc2 Rc8 12. d3 Qc7 13. h3 Rfd8 14. Ne1 a6 15. f4
b5 16. cxb5 Nd4 17. Qd1 Nxb5 18. Qb3 Nd5 19. Nxd5 Bxd5 20. Qc2 c4 21. dxc4 Bxc4
22. a4 Nd6 23. Nf3 Nf5 24. Rfc1 Bc5 25. Qxc4 Bxe3+ 26. Kh1 Qb8 27. Qxa6 Bxc1
28. Bxc1 Ng3+ 29. Kg1 Rd6 30. Qb5 Rb6 31. Qd3 Rb3 0-1

[Event "51st National Challengers (National â€˜Bâ€™) Chess Cha"]
[Site "Bhopal, Madhya Pradesh-India"]
[Date "2013.10.22"]
[Round "13"]
[Board "34"]
[White "Saravana, Krishnan P."]
[Black "Bartakke, Amardeep S."]
[Result "1-0"]
[WhiteElo "2323"]
[BlackElo "2149"]
[PlyCount "43"]
[EventDate "2013.10.12"]
[EventRounds "13"]
[EventCountry "IND"]

1. e4 c5 2. Nf3 d6 3. c3 Nf6 4. h3 Nc6 5. Bd3 e6 6. Bc2 d5 7. e5 Nd7 8. d4 Be7
9. O-O b5 10. dxc5 Nxc5 11. Bf4 a5 12. Nbd2 Ba6 13. Re1 O-O 14. Nd4 Rc8 15. Qg4
Re8 16. Nxc6 Rxc6 17. Nf3 b4 18. Rad1 bxc3 19. Ng5 f5 20. exf6 Bxf6 21. Qh5 Qd7
22. Rxd5 1-0

[Event "51st National Challengers (National â€˜Bâ€™) Chess Cha"]
[Site "Bhopal, Madhya Pradesh-India"]
[Date "2013.10.22"]
[Round "13"]
[Board "35"]
[White "Shantharam, K.V."]
[Black "Praveen Kumar, C."]
[Result "1/2-1/2"]
[WhiteElo "2167"]
[BlackElo "2286"]
[PlyCount "52"]
[EventDate "2013.10.12"]
[EventRounds "13"]
[EventCountry "IND"]

1. Nf3 d5 2. c4 c6 3. cxd5 cxd5 4. d4 Nf6 5. Nc3 g6 6. Bf4 Bg7 7. e3 O-O 8. h3
a6 9. Be2 b5 10. O-O Bb7 11. Qb3 Nc6 12. Ne5 Ne4 13. Nxc6 Bxc6 14. Rfc1 Nd2 15.
Qb4 Nc4 16. b3 e5 17. Bg3 exd4 18. exd4 Na5 19. Bf3 Re8 20. Ne2 Bf8 21. Qd2 Rc8
22. Rc2 Nb7 23. Rac1 Qd7 24. Bg4 f5 25. Bf3 Ba3 26. Rd1 Bd6 1/2-1/2

[Event "51st National Challengers (National â€˜Bâ€™) Chess Cha"]
[Site "Bhopal, Madhya Pradesh-India"]
[Date "2013.10.22"]
[Round "13"]
[Board "36"]
[White "Mohota, Nisha"]
[Black "Mahalakshmi, M"]
[Result "1-0"]
[WhiteElo "2283"]
[BlackElo "2116"]
[PlyCount "77"]
[EventDate "2013.10.12"]
[EventRounds "13"]
[EventCountry "IND"]

1. d4 Nf6 2. c4 e6 3. g3 d5 4. Nf3 Bb4+ 5. Bd2 Be7 6. Bg2 O-O 7. O-O c6 8. Qc2
Nbd7 9. Rd1 b6 10. Bf4 Bb7 11. cxd5 cxd5 12. Nc3 Nh5 13. Bd2 f5 14. Rac1 Rc8
15. Qd3 a6 16. a3 Bd6 17. e3 Nhf6 18. Ne2 Rxc1 19. Rxc1 Qe7 20. Qb3 Ne4 21. Be1
g5 22. Bb4 a5 23. Bxd6 Qxd6 24. Ne5 Ba6 25. Rc6 Qe7 26. Nc3 Nxe5 27. dxe5 Nxc3
28. bxc3 Bc4 29. Qxb6 Qxa3 30. Rxc4 dxc4 31. Qxe6+ Kh8 32. Qd7 Qxc3 33. e6 Qe5
34. e7 Rb8 35. Bc6 c3 36. Qd8+ Kg7 37. e8=Q Rb1+ 38. Kg2 Qxe8 39. Bxe8 1-0

[Event "51st National Challengers (National â€˜Bâ€™) Chess Cha"]
[Site "Bhopal, Madhya Pradesh-India"]
[Date "2013.10.22"]
[Round "13"]
[Board "39"]
[White "Pranav, Vijay"]
[Black "Sai Agni Jeevitesh, J"]
[Result "1-0"]
[WhiteElo "2239"]
[BlackElo "2067"]
[PlyCount "63"]
[EventDate "2013.10.12"]
[EventRounds "13"]
[EventCountry "IND"]

1. d4 Nf6 2. c4 g6 3. g3 c6 4. Bg2 d5 5. Nf3 Bg7 6. O-O O-O 7. b3 Bf5 8. Bb2
Qb6 9. Nbd2 Nbd7 10. Rc1 Rac8 11. e3 Bd3 12. Re1 Rfd8 13. Rc3 dxc4 14. Nxc4
Bxc4 15. Rxc4 Ne8 16. Qe2 Qa6 17. Qc2 b5 18. Rc3 c5 19. Bf1 Nd6 20. Qe2 cxd4
21. Rxc8 Rxc8 22. Nxd4 Qa5 23. Rd1 a6 24. e4 Qc7 25. Bh3 Rd8 26. Rc1 Qb7 27.
Nc6 Re8 28. e5 Nf5 29. e6 Nf6 30. exf7+ Kxf7 31. Bg2 Qb6 32. g4 1-0

[Event "51st National Challengers (National â€˜Bâ€™) Chess Cha"]
[Site "Bhopal, Madhya Pradesh-India"]
[Date "2013.10.22"]
[Round "13"]
[Board "40"]
[White "Shashikant, Kutwal"]
[Black "Muthaiah, Al"]
[Result "1/2-1/2"]
[WhiteElo "2239"]
[BlackElo "2083"]
[PlyCount "59"]
[EventDate "2013.10.12"]
[EventRounds "13"]
[EventCountry "IND"]

1. e4 c5 2. Nf3 d6 3. c3 Nf6 4. h3 g6 5. Bd3 Bg7 6. Bc2 O-O 7. O-O Nc6 8. d4
cxd4 9. cxd4 Bd7 10. Nc3 Rc8 11. Bg5 Qc7 12. e5 Ne8 13. Nd5 Qd8 14. Ba4 f6 15.
exf6 Nxf6 16. Nxf6+ exf6 17. Bf4 d5 18. Qb3 Ne7 19. Rfe1 Re8 20. Re2 Bxa4 21.
Qxa4 Nc6 22. Rxe8+ Qxe8 23. Re1 Qd7 24. b4 a6 25. Rc1 Qf5 26. Be3 Qd3 27. Rc5
Qb1+ 28. Rc1 Qd3 29. Rc5 Qb1+ 30. Rc1 1/2-1/2

[Event "51st National Challengers (National â€˜Bâ€™) Chess Cha"]
[Site "Bhopal, Madhya Pradesh-India"]
[Date "2013.10.22"]
[Round "13"]
[Board "48"]
[White "Kumaran, B"]
[Black "Ram, Aravind L N"]
[Result "1/2-1/2"]
[WhiteElo "2258"]
[BlackElo "2051"]
[PlyCount "44"]
[EventDate "2013.10.12"]
[EventRounds "13"]
[EventCountry "IND"]

1. e4 c5 2. Nf3 e6 3. d4 cxd4 4. Nxd4 a6 5. c4 Nf6 6. Nc3 Qc7 7. a3 Be7 8. Be2
d6 9. O-O Nbd7 10. Be3 O-O 11. Rc1 b6 12. f3 Bb7 13. Qe1 Rfe8 14. Qf2 Rac8 15.
Rfd1 Qb8 16. f4 Bd8 17. Nb3 Bc7 18. g3 Bc6 19. Rd2 Qa8 20. Rcd1 Qb8 21. Rc1 Qa8
22. Rcd1 Qb8 1/2-1/2

[Event "51st National Challengers (National â€˜Bâ€™) Chess Cha"]
[Site "Bhopal, Madhya Pradesh-India"]
[Date "2013.10.22"]
[Round "13"]
[Board "49"]
[White "Pardeep, Arora"]
[Black "Shetty, Rahul"]
[Result "1-0"]
[WhiteElo "2033"]
[BlackElo "2255"]
[PlyCount "53"]
[EventDate "2013.10.12"]
[EventRounds "13"]
[EventCountry "IND"]

1. c4 e6 2. Nf3 Nf6 3. g3 d5 4. b3 a5 5. Bb2 a4 6. Bg2 a3 7. Bc3 Ne4 8. O-O
Nxc3 9. Nxc3 c6 10. d4 Bb4 11. Rc1 O-O 12. Qd3 Na6 13. h4 f5 14. e3 Bd6 15. Ne2
Nb8 16. Rb1 b6 17. b4 Ba6 18. b5 cxb5 19. cxd5 b4 20. Qd2 exd5 21. Ng5 Bc4 22.
Ne6 Qd7 23. Nxf8 Bxf8 24. Rfc1 Nc6 25. Nf4 Na5 26. Rxc4 Nxc4 27. Qe2 1-0

[Event "51st National Challengers (National â€˜Bâ€™) Chess Cha"]
[Site "Bhopal, Madhya Pradesh-India"]
[Date "2013.10.22"]
[Round "13"]
[Board "51"]
[White "Akash Pc, Iyer"]
[Black "Kushwaha, Sanjay"]
[Result "1-0"]
[WhiteElo "2206"]
[BlackElo "2025"]
[PlyCount "63"]
[EventDate "2013.10.12"]
[EventRounds "13"]
[EventCountry "IND"]

1. d4 Nf6 2. c4 e6 3. Nc3 d5 4. Bg5 c6 5. g3 h6 6. Bxf6 Qxf6 7. Nf3 Bb4 8. Qb3
Bxc3+ 9. bxc3 O-O 10. Bg2 Nd7 11. O-O Nb6 12. cxd5 exd5 13. Ne5 Be6 14. f4 Rab8
15. f5 Bc8 16. e4 Nd7 17. Nxd7 Bxd7 18. e5 Qg5 19. Qc2 g6 20. Bh3 Rfe8 21. Rf4
c5 22. Qf2 cxd4 23. cxd4 Rec8 24. Rf1 Rc4 25. fxg6 Bxh3 26. Rxf7 Qxg6 27. Rf8+
Kg7 28. Qf7+ Qxf7 29. R1xf7+ Kg6 30. Rf6+ Kg7 31. Kf2 Rxd4 32. R8f7+ 1-0

[Event "51st National Challengers (National â€˜Bâ€™) Chess Cha"]
[Site "Bhopal, Madhya Pradesh-India"]
[Date "2013.10.22"]
[Round "13"]
[Board "52"]
[White "Linda, Rangarajan"]
[Black "Ajay Krishna, S"]
[Result "0-1"]
[WhiteElo "2170"]
[BlackElo "2006"]
[PlyCount "40"]
[EventDate "2013.10.12"]
[EventRounds "13"]
[EventCountry "IND"]

1. d4 Nf6 2. c4 e6 3. Nf3 Be7 4. Nc3 d5 5. Bg5 O-O 6. e3 h6 7. Bh4 Nbd7 8. Bd3
a6 9. c5 a5 10. Rc1 b6 11. cxb6 c5 12. O-O Bb7 13. Na4 c4 14. Bb1 Bc6 15. Bg3
Nxb6 16. Nxb6 Qxb6 17. Qc2 Rfc8 18. Ne5 Be8 19. Ng4 g6 20. Bh4 Nxg4 0-1

[Event "51st National Challengers (National â€˜Bâ€™) Chess Cha"]
[Site "Bhopal, Madhya Pradesh-India"]
[Date "2013.10.22"]
[Round "13"]
[Board "53"]
[White "Debarshi, Mukherjee"]
[Black "Rengarajan, Srinivasan"]
[Result "1/2-1/2"]
[WhiteElo "1994"]
[BlackElo "2156"]
[PlyCount "48"]
[EventDate "2013.10.12"]
[EventRounds "13"]
[EventCountry "IND"]

1. c4 e5 2. Nc3 d6 3. g3 Nf6 4. Bg2 Be7 5. d3 Nbd7 6. e4 Nf8 7. Nge2 h5 8. h3
h4 9. g4 Ng6 10. f4 exf4 11. Nxf4 Nxf4 12. Bxf4 c6 13. d4 Nd7 14. Qd2 Nf8 15.
O-O Ng6 16. Be3 O-O 17. Rae1 a6 18. a4 a5 19. Ne2 Qb6 20. Qc3 Qa6 21. Nf4 Nxf4
22. Bxf4 b5 23. axb5 cxb5 24. cxb5 Qxb5 1/2-1/2

[Event "51st National Challengers (National â€˜Bâ€™) Chess Cha"]
[Site "Bhopal, Madhya Pradesh-India"]
[Date "2013.10.22"]
[Round "13"]
[Board "55"]
[White "Sekar, B"]
[Black "Saurabh, Anand"]
[Result "1-0"]
[WhiteElo "2149"]
[BlackElo "1921"]
[PlyCount "57"]
[EventDate "2013.10.12"]
[EventRounds "13"]
[EventCountry "IND"]

1. e4 c6 2. d4 d5 3. Nc3 dxe4 4. Nxe4 Bf5 5. Ng3 Bg6 6. h4 h6 7. Nf3 Nd7 8. h5
Bh7 9. Bd3 Bxd3 10. Qxd3 e6 11. Bd2 Ngf6 12. O-O-O Be7 13. Kb1 O-O 14. Qe2 b5
15. Ne5 Nxe5 16. dxe5 Nd5 17. Ne4 c5 18. g4 c4 19. g5 hxg5 20. Qg4 c3 21. Bxg5
Bxg5 22. Nxg5 Qe7 23. Rxd5 Rfc8 24. Rd4 Rc4 25. Rxc4 bxc4 26. Qe4 Qxg5 27.
Qxa8+ Kh7 28. Qe4+ Kh6 29. Qe3 1-0

[Event "51st National Challengers (National â€˜Bâ€™) Chess Cha"]
[Site "Bhopal, Madhya Pradesh-India"]
[Date "2013.10.22"]
[Round "13"]
[Board "58"]
[White "Chakravarthi Reddy, M"]
[Black "Saptorshi, Gupta"]
[Result "1-0"]
[WhiteElo "2123"]
[BlackElo "1793"]
[PlyCount "51"]
[EventDate "2013.10.12"]
[EventRounds "13"]
[EventCountry "IND"]

1. d4 d5 2. Nf3 Nf6 3. Nc3 Bf5 4. Bf4 e6 5. h3 c6 6. g4 Bg6 7. Bg2 Bd6 8. Be5
Bxe5 9. Nxe5 Ne4 10. Nxe4 Bxe4 11. Bxe4 dxe4 12. Qd2 Nd7 13. O-O-O Nxe5 14.
dxe5 Qd5 15. Qg5 Qxa2 16. Qxg7 Rf8 17. c3 Qa1+ 18. Kc2 Qa4+ 19. Kb1 b5 20. Rd4
Qa5 21. Qxh7 e3 22. f4 c5 23. Rd6 b4 24. Rhd1 Qa4 25. Qd3 Qa5 26. Rxe6+ 1-0

[Event "51st National Challengers (National â€˜Bâ€™) Chess Cha"]
[Site "Bhopal, Madhya Pradesh-India"]
[Date "2013.10.22"]
[Round "13"]
[Board "62"]
[White "Jagadeesh, A.K."]
[Black "Anshuman, K"]
[Result "1/2-1/2"]
[WhiteElo "2068"]
[BlackElo "1965"]
[PlyCount "46"]
[EventDate "2013.10.12"]
[EventRounds "13"]
[EventCountry "IND"]

1. d4 Nf6 2. c4 g6 3. Nc3 Bg7 4. e4 d6 5. f3 O-O 6. Be3 Nfd7 7. Qd2 c5 8. Nge2
Nc6 9. d5 Nce5 10. Ng3 Qa5 11. Rc1 a6 12. Be2 b5 13. cxb5 axb5 14. Nxb5 Qb6 15.
f4 Ng4 16. Bxg4 Qxb5 17. b3 Ra3 18. Be2 Qb7 19. O-O Qa8 20. Rc2 h5 21. Bd3 Ba6
22. Bxa6 Qxa6 23. Re1 Ra8 1/2-1/2

[Event "51st National Challengers (National â€˜Bâ€™) Chess Cha"]
[Site "Bhopal, Madhya Pradesh-India"]
[Date "2013.10.22"]
[Round "13"]
[Board "64"]
[White "Rajdeep, Sarkar"]
[Black "Dave, Kantilal"]
[Result "1-0"]
[WhiteElo "1921"]
[BlackElo "2064"]
[PlyCount "131"]
[EventDate "2013.10.12"]
[EventRounds "13"]
[EventCountry "IND"]

1. d4 d5 2. Nf3 Nf6 3. c4 c6 4. Nbd2 Bf5 5. g3 h6 6. Bg2 Nbd7 7. O-O e6 8. b3
Be7 9. Bb2 Ne4 10. Nxe4 Bxe4 11. Nd2 Bxg2 12. Kxg2 f5 13. f3 O-O 14. e4 fxe4
15. fxe4 Rxf1 16. Nxf1 Nf6 17. e5 Nd7 18. Qg4 Nf8 19. Ne3 Qa5 20. Qe2 Bg5 21.
Nc2 Rd8 22. Ba3 Qd2 23. Qxd2 Bxd2 24. Rd1 Ba5 25. Bxf8 Rxf8 26. b4 Bb6 27. c5
Bd8 28. a4 a6 29. Rb1 Rf7 30. Ne1 Bg5 31. Nf3 Bd8 32. Kf2 Kf8 33. Ke2 Ke8 34.
Ne1 Kd7 35. Nd3 Bg5 36. b5 axb5 37. axb5 Ke8 38. bxc6 bxc6 39. Rb6 Rc7 40. Nb4
Kd7 41. Na6 Ra7 42. Nb8+ Kc7 43. Nxc6 Ra2+ 44. Kd3 Rd2+ 45. Kc3 Rxh2 46. Na7
Rg2 47. Nb5+ Kc8 48. c6 Rxg3+ 49. Kb4 Rg1 50. Na7+ Kd8 51. Rb8+ Ke7 52. c7 Rb1+
53. Ka5 Bd2+ 54. Ka6 Ra1+ 55. Kb7 Rb1+ 56. Ka8 Rc1 57. c8=Q Rxc8 58. Nxc8+ Kd7
59. Nd6 Bc3 60. Rb7+ Kc6 61. Rxg7 Bxd4 62. Nf7 Be3 63. Rg6 d4 64. Rxe6+ Kd5 65.
Rd6+ Ke4 66. e6 1-0

[Event "51st National Challengers (National â€˜Bâ€™) Chess Cha"]
[Site "Bhopal, Madhya Pradesh-India"]
[Date "2013.10.22"]
[Round "13"]
[Board "69"]
[White "Kamal Kishore, Debnath"]
[Black "Teli, Rajendra"]
[Result "0-1"]
[WhiteElo "1867"]
[BlackElo "2016"]
[PlyCount "56"]
[EventDate "2013.10.12"]
[EventRounds "13"]
[EventCountry "IND"]

1. d4 Nf6 2. c4 g6 3. Nc3 Bg7 4. e4 d6 5. Nf3 O-O 6. Be2 e5 7. O-O Nc6 8. d5
Ne7 9. Nd2 Ne8 10. b4 f5 11. f3 f4 12. c5 g5 13. Nc4 Kh8 14. Bb2 Ng8 15. Rc1 h5
16. Qc2 g4 17. Rfe1 Nh6 18. a4 Rg8 19. Nb5 a6 20. Nc3 Qh4 21. cxd6 cxd6 22. Nb6
Rb8 23. Nxc8 Rxc8 24. Qd2 Nf6 25. Nb1 gxf3 26. gxf3 Bf8+ 27. Kh1 Rxc1 28. Bxc1
Nhg4 0-1

[Event "51st National Challengers (National â€˜Bâ€™) Chess Cha"]
[Site "Bhopal, Madhya Pradesh-India"]
[Date "2013.10.22"]
[Round "13"]
[Board "71"]
[White "Nayandeep, Dilip Kotangle"]
[Black "Harsh, Mangesh Ghag"]
[Result "1/2-1/2"]
[WhiteElo "2007"]
[BlackElo "1849"]
[PlyCount "30"]
[EventDate "2013.10.12"]
[EventRounds "13"]
[EventCountry "IND"]

1. e4 e6 2. d4 d5 3. exd5 exd5 4. c4 Nf6 5. Nc3 Be7 6. Nf3 O-O 7. cxd5 Nxd5 8.
Bd3 Nc6 9. O-O Bg4 10. Be3 Re8 11. Bc4 Be6 12. Bb3 Qd7 13. Rc1 a6 14. Ne4 h6
15. a3 Rad8 1/2-1/2